[Event "Obro 60 aar"]
[Site "Kobenhavn"]
[Date "1996.10.16"]
[Round "5"]
[White "Henrichsen, Jens"]
[Black "Jakobsen, Ole"]
[Result "0-1"]
[WhiteElo "2075"]
[BlackElo "2400"]
[PlyCount "92"]
[EventDate "1996.10.12"]
[EventCountry "DEN"]
[SourceVersionDate "2022.08.28"]

1. d4 Nf6 2. Nf3 e6 3. c4 d5 4. Nc3 Nbd7 5. Bg5 Be7 6. e3 O-O 7. Qc2 b6 8. Rd1
Bb7 9. Bd3 h6 10. Bh4 c5 11. O-O cxd4 12. Nxd4 Rc8 13. cxd5 Nxd5 14. Bxe7 Qxe7
15. Nxd5 Bxd5 16. Qe2 Nc5 17. Bb1 Bb7 18. Rfe1 g6 19. Bc2 e5 20. Nb5 Bc6 21. b4
Ne6 22. Nd6 Rcd8 23. Nc4 Qg5 24. f3 h5 25. Nd6 Qe7 26. Nc4 Nc7 27. Bb3 Kh7 28.
Qb2 f6 29. a3 Kg7 30. Ra1 Bd5 31. Red1 Bf7 32. Rd2 Ne6 33. Rad1 Rxd2 34. Rxd2
Rd8 35. Qc2 h4 36. Qd1 Rxd2 37. Qxd2 Ng5 38. Qc2 h3 39. Qd2 hxg2 40. Qxg2 Qc7
41. Qe2 b5 42. Nd2 Qc1+ 43. Kg2 Bxb3 44. Nxb3 Qxa3 45. h4 Qxb3 46. hxg5 Qxb4
0-1

[Event "Obro 60 aar"]
[Site "Kobenhavn"]
[Date "1996.10.16"]
[Round "5"]
[White "Pedersen, Thomas Vils"]
[Black "Rodgaard, John"]
[Result "1/2-1/2"]
[WhiteElo "2000"]
[BlackElo "2375"]
[PlyCount "52"]
[EventDate "1996.10.12"]
[EventCountry "DEN"]
[SourceVersionDate "2022.08.28"]

1. d4 g6 2. Nf3 Bg7 3. c4 d6 4. g3 Nf6 5. Bg2 O-O 6. O-O Nc6 7. Nc3 a6 8. h3
Rb8 9. Bg5 b5 10. cxb5 axb5 11. d5 Na7 12. Be3 c5 13. dxc6 Nxc6 14. Rc1 Bd7 15.
Nd4 Nxd4 16. Bxd4 b4 17. Nb1 Qa5 18. a3 bxa3 19. Nxa3 Ba4 20. Nc4 Qb4 21. Qd2
Qxd2 22. Nxd2 Nd7 23. Bxg7 Kxg7 24. b3 Bxb3 25. Nxb3 Rxb3 26. Rc7 Nf6 1/2-1/2

[Event "Obro 60 aar"]
[Site "Kobenhavn"]
[Date "1996.10.16"]
[Round "5"]
[White "Overgaard, Christian M"]
[Black "Larsen, Flemming Bo"]
[Result "1/2-1/2"]
[WhiteElo "2270"]
[BlackElo "2000"]
[PlyCount "106"]
[EventDate "1996.10.12"]
[EventCountry "DEN"]
[SourceVersionDate "2022.08.28"]

1. Nf3 Nf6 2. c4 e6 3. g3 b6 4. Bg2 Bb7 5. O-O Be7 6. Nc3 O-O 7. Re1 d5 8. cxd5
exd5 9. d4 Nbd7 10. Bf4 Ne4 11. Ne5 Nxe5 12. Bxe5 c5 13. dxc5 Bxc5 14. e3 Qc8
15. Nxd5 Qe6 16. Bxe4 Qxe5 17. Qf3 Qxb2 18. Qf5 g6 19. Qf6 Qa3 20. Rac1 Rae8
21. Qg5 Bxd5 22. Bxd5 Qb2 23. Bb3 Kg7 24. Red1 Qf6 25. Qg4 Rd8 26. h4 h5 27.
Qg5 Qxg5 28. hxg5 Rfe8 29. Kg2 f6 30. gxf6+ Kxf6 31. Rxd8 Rxd8 32. Rd1 Rxd1 33.
Bxd1 Ke5 34. Be2 Be7 35. Kf1 h4 36. gxh4 Bxh4 37. Bd3 Kf6 38. f4 Kf7 39. Kg2
Be7 40. e4 Kf6 41. Kf3 Ke6 42. Kg4 Kf7 43. e5 Kg7 44. Bb5 Ba3 45. Be8 Bb4 46.
Kf3 Ba3 47. Ke3 Bb2 48. Ke4 Bc1 49. Bd7 Kf7 50. Kf3 Bb2 51. Kg4 Ba3 52. Kg5 Kg7
53. Be8 Be7+ 1/2-1/2

[Event "Obro 60 aar"]
[Site "Kobenhavn"]
[Date "1996.10.16"]
[Round "5"]
[White "Fredericia, Louise Winther"]
[Black "Nilsson, Nils Specht"]
[Result "1/2-1/2"]
[WhiteElo "2000"]
[BlackElo "2235"]
[PlyCount "115"]
[EventDate "1996.10.12"]
[EventCountry "DEN"]
[SourceVersionDate "2022.08.28"]

1. e4 c5 2. Nf3 Nc6 3. Bb5 g6 4. O-O Bg7 5. d3 Nf6 6. Nc3 O-O 7. Bxc6 dxc6 8.
h3 Nd7 9. Ne2 e5 10. Bg5 f6 11. Be3 Qe7 12. c3 Nb6 13. a4 Be6 14. a5 Nd7 15.
Nd2 Rad8 16. Qc2 Rf7 17. Ra4 f5 18. f4 b5 19. axb6 axb6 20. fxe5 Nxe5 21. d4 b5
22. Ra6 Nc4 23. Nxc4 Bxc4 24. e5 cxd4 25. cxd4 c5 26. Rd1 cxd4 27. Bxd4 Bxe5
28. Bxe5 Rxd1+ 29. Qxd1 Qxe5 30. Ra8+ Kg7 31. Qd4 Qxd4+ 32. Nxd4 Rd7 33. Nf3
Bd5 34. Ra3 Rc7 35. Nd4 Rc1+ 36. Kh2 Rb1 37. Rd3 Be4 38. Rd2 b4 39. Kg3 Kf6 40.
Kf2 Ke5 41. Nb3 g5 42. Nc5 Rc1 43. Nd7+ Ke6 44. Nf8+ Kf7 45. Nxh7 Kg6 46. Nf8+
Kh5 47. Nd7 Kh4 48. Nf6 Bc6 49. Rd4+ f4 50. g3+ Kxh3 51. gxf4 Rc2+ 52. Ke3
gxf4+ 53. Rxf4 Rxb2 54. Ne4 Rb1 55. Nf2+ Kg2 56. Nd3 b3 57. Rf2+ Kg1 58. Rb2
1/2-1/2

[Event "Obro 60 aar"]
[Site "Kobenhavn"]
[Date "1996.10.16"]
[Round "5"]
[White "Ronneland, Daniel"]
[Black "Jorgensen, Brian Jorgen"]
[Result "1/2-1/2"]
[WhiteElo "2190"]
[BlackElo "2290"]
[PlyCount "54"]
[EventDate "1996.10.12"]
[EventCountry "DEN"]
[SourceVersionDate "2022.08.28"]

1. d4 d5 2. c4 e6 3. Nc3 c6 4. Nf3 Nf6 5. e3 Nbd7 6. Bd3 dxc4 7. Bxc4 b5 8. Bd3
a6 9. O-O Bb7 10. e4 c5 11. d5 c4 12. Bc2 Qc7 13. dxe6 fxe6 14. Ng5 Nc5 15. e5
Qc6 16. f3 Nfd7 17. Bf4 Be7 18. Nge4 b4 19. Na4 Nxe4 20. Bxe4 Qb5 21. Bxb7 Qxb7
22. Be3 O-O 23. f4 Qc6 24. Kh1 Nc5 25. Nxc5 Bxc5 26. Bxc5 Qxc5 27. Qd7 Qc8
1/2-1/2

[Event "Obro 60 aar"]
[Site "Kobenhavn"]
[Date "1996.10.16"]
[Round "5"]
[White "Nolsoe, Eydun"]
[Black "Petersen, Steen Brustrup"]
[Result "1-0"]
[WhiteElo "2160"]
[BlackElo "2150"]
[PlyCount "57"]
[EventDate "1996.10.12"]
[EventCountry "DEN"]
[SourceVersionDate "2022.08.28"]

1. e4 c5 2. Nf3 d6 3. d4 cxd4 4. Nxd4 Nf6 5. Nc3 g6 6. Be3 Bg7 7. f3 O-O 8. Qd2
Nc6 9. Bc4 Bd7 10. h4 Rc8 11. Bb3 Ne5 12. h5 Nxh5 13. g4 Nf6 14. Bh6 Bxh6 15.
Qxh6 Rxc3 16. bxc3 Qa5 17. O-O-O Qxc3 18. Kb1 Rc8 19. Nf5 Bxf5 20. exf5 Nc4 21.
Qc1 gxf5 22. gxf5 Kh8 23. Rhg1 b5 24. Rd3 Qe5 25. f4 Qc5 26. Qf1 Ne4 27. Qg2
Ned2+ 28. Ka1 Nxb3+ 29. cxb3 1-0

[Event "Obro 60 aar"]
[Site "Kobenhavn"]
[Date "1996.10.16"]
[Round "5"]
[White "Tonning, Erik"]
[Black "Hartung Nielsen, Jens"]
[Result "1-0"]
[WhiteElo "2205"]
[BlackElo "2255"]
[PlyCount "153"]
[EventDate "1996.10.12"]
[EventCountry "DEN"]
[SourceVersionDate "2022.08.28"]

1. e4 c5 2. Nc3 Nc6 3. g3 g6 4. Bg2 Bg7 5. d3 d6 6. Be3 Qa5 7. Qd2 Nd4 8. f4 e6
9. Nf3 Ne7 10. O-O Nec6 11. Ne1 O-O 12. Qf2 Bd7 13. Nd1 b5 14. Bd2 b4 15. Ne3
Qc7 16. c3 bxc3 17. bxc3 Nb5 18. f5 Bxc3 19. Bxc3 Nxc3 20. f6 Nd4 21. Qd2 Kh8
22. Kh1 Na4 23. Nc4 Nb6 24. Qg5 e5 25. Nd2 Rg8 26. h4 Qd8 27. Nef3 Ne6 28. Qe3
Qf8 29. Rf2 h6 30. Bf1 Kh7 31. Be2 Bc6 32. Raf1 Rh8 33. Bd1 Kg8 34. Bb3 Qc8 35.
h5 g5 36. Bxe6 Qxe6 37. Nxg5 Qg4 38. Ngf3 Kh7 39. Rh2 Rhg8 40. Rg1 Qe6 41. Rh4
Rg4 42. Nf1 Rag8 43. Rxg4 Qxg4 44. N1h2 Qe6 45. Nh4 Qh3 46. Qf3 Rg5 47. Qg2
Qxg2+ 48. Kxg2 c4 49. N2f3 Rg8 50. Rc1 Re8 51. Nd2 d5 52. dxc4 dxe4 53. Kf2 Re6
54. Ke3 Nd7 55. Nxe4 Nxf6 56. Nc5 Ng4+ 57. Ke2 Rf6 58. Nd3 Be4 59. c5 Kg7 60.
Rc4 Bxd3+ 61. Kxd3 e4+ 62. Kxe4 Re6+ 63. Kd4 Ne5 64. Rc3 Kf6 65. Kd5 Nc6 66.
Rf3+ Ke7 67. Nf5+ Kd7 68. Nd4 Re5+ 69. Kc4 Nd8 70. Rf5 Re1 71. Kd5 Rd1 72. Rf6
a5 73. Kc4 Rd2 74. Rxh6 Rxa2 75. Ra6 Ra4+ 76. Kd5 Ra3 77. c6+ 1-0

[Event "Obro 60 aar"]
[Site "Kobenhavn"]
[Date "1996.10.16"]
[Round "5"]
[White "Rimestad, Arild"]
[Black "Kirkegaard, Niels"]
[Result "0-1"]
[WhiteElo "2000"]
[BlackElo "2000"]
[PlyCount "168"]
[EventDate "1996.10.12"]
[EventCountry "DEN"]
[SourceVersionDate "2022.08.28"]

1. e4 e6 2. d4 d5 3. e5 c5 4. c3 Nc6 5. Nf3 Qb6 6. a3 Nh6 7. b4 cxd4 8. cxd4
Nf5 9. Bb2 Bd7 10. Be2 Rc8 11. O-O Na5 12. Nbd2 Be7 13. Bd3 O-O 14. Qb1 Nc4 15.
Nxc4 Rxc4 16. Bxc4 dxc4 17. Rc1 Qc6 18. Qc2 b5 19. a4 a6 20. axb5 axb5 21. Bc3
Bc8 22. Ra2 Bb7 23. Rd1 Rd8 24. Qe2 g5 25. h3 h5 26. Ne1 Nh4 27. Rad2 Qd5 28.
f3 Ng6 29. g3 g4 30. hxg4 hxg4 31. Kf2 Kg7 32. Qe4 Qxe4 33. fxe4 Bxe4 34. Ke3
Bd5 35. Rh2 Bg5+ 36. Ke2 Ne7 37. Rf2 Ra8 38. Ra1 Rxa1 39. Bxa1 Nf5 40. Ng2
Nxg3+ 41. Ke1 Ne4 42. Re2 Be7 43. Ne3 Bxb4+ 44. Kd1 Bc6 45. d5 Bxd5 46. Nxg4
Nc3+ 47. Bxc3 Bxc3 48. Re3 Bd4 49. Rg3 Kf8 50. Nf6 Ke7 51. Ng8+ Kd8 52. Rg7
Bxe5 53. Rxf7 b4 54. Nh6 b3 55. Rf1 Kc7 56. Kd2 c3+ 57. Kd3 b2 58. Ng4 Bh8 59.
Ne3 Ba2 60. Kc2 Kc6 61. Rd1 Kc5 62. Ng2 b1=Q+ 63. Rxb1 Bxb1+ 64. Kxb1 Kd4 65.
Kc2 Ke4 66. Ne1 Bd4 67. Nd3 e5 68. Nb4 Ke3 69. Kd1 Bc5 70. Na2 Kd3 71. Nc1+ Ke3
72. Kc2 Ba3 73. Na2 Bb2 74. Nb4 e4 75. Kd1 Kf2 76. Nd3+ Kf1 77. Nf4 Kf2 78.
Nd3+ Kf1 79. Nf4 e3 80. Nd3 e2+ 81. Kc2 e1=Q 82. Nxe1 Kxe1 83. Kb3 Kd2 84. Ka2
c2 0-1

[Event "Obro 60 aar"]
[Site "Kobenhavn"]
[Date "1996.10.16"]
[Round "5"]
[White "Larsen, Karsten"]
[Black "Larsen, Pelle O"]
[Result "1/2-1/2"]
[WhiteElo "2000"]
[BlackElo "2000"]
[PlyCount "110"]
[EventDate "1996.10.12"]
[EventCountry "DEN"]
[SourceVersionDate "2022.08.28"]

1. g3 d5 2. Bg2 Nf6 3. Nf3 g6 4. O-O Bg7 5. d3 O-O 6. Nbd2 Nbd7 7. c4 c6 8. Rb1
b6 9. b4 Bb7 10. Bb2 dxc4 11. Nxc4 c5 12. bxc5 Nxc5 13. d4 Ncd7 14. Rc1 b5 15.
Ncd2 Qb6 16. Qc2 Rac8 17. Qb1 Rxc1 18. Rxc1 Rc8 19. Rxc8+ Bxc8 20. e4 Bb7 21.
Qd3 a6 22. h3 Ne8 23. Bf1 h6 24. Bc3 Qc6 25. Bb4 e6 26. Bg2 Nb6 27. Kh2 Nd7 28.
Ne1 Qb6 29. Nb3 Bf8 30. Ba5 Qc6 31. Nc2 Nef6 32. f3 Ne8 33. h4 Nd6 34. Bb4 Nc4
35. Na5 Qc7 36. Bxf8 Kxf8 37. Nxc4 bxc4 38. Qa3+ Kg8 39. Bf1 Nb6 40. Qb4 f5 41.
Bg2 f4 42. g4 Bxe4 43. Qc5 Qb8 44. fxe4 f3+ 45. e5 fxg2 46. Ne3 Nd5 47. Nxd5
g1=Q+ 48. Kxg1 Qb1+ 49. Kf2 Qc2+ 50. Ke1 Qc1+ 51. Ke2 Qc2+ 52. Kf3 Qd1+ 53. Ke3
Qe1+ 54. Kf4 Qf1+ 55. Ke3 Qe1+ 1/2-1/2

[Event "Obro 60 aar"]
[Site "Kobenhavn"]
[Date "1996.10.16"]
[Round "5"]
[White "Jorgensen, Michael"]
[Black "Aagaard, Jacob"]
[Result "1/2-1/2"]
[WhiteElo "2285"]
[BlackElo "2370"]
[PlyCount "124"]
[EventDate "1996.10.12"]
[EventCountry "DEN"]
[SourceVersionDate "2022.08.28"]

1. d4 Nf6 2. c4 e6 3. Nf3 b6 4. a3 Bb7 5. Nc3 d5 6. cxd5 Nxd5 7. e3 g6 8. Bb5+
c6 9. Bd3 Bg7 10. e4 Nxc3 11. bxc3 O-O 12. O-O c5 13. Be3 cxd4 14. cxd4 Nc6 15.
e5 Qd5 16. Qe2 Na5 17. Rab1 Rfc8 18. h3 Rc3 19. a4 Nb3 20. Rfd1 Rac8 21. Ba6
Bf8 22. Bxb7 Qxb7 23. Nh2 h5 24. Nf3 Qd5 25. Qb5 Ba3 26. Ne1 Bc1 27. Qxd5 exd5
28. Nd3 Bxe3 29. fxe3 R8c4 30. Nf4 Rxe3 31. Nxd5 Rg3 32. Kh2 h4 33. Nf6+ Kg7
34. Ne4 Re3 35. Nd6 Rc2 36. Kh1 Rg3 37. Rf1 Nxd4 38. Rxf7+ Kh6 39. Rf4 Ne6 40.
Rxh4+ Kg5 41. Rbb4 Rcxg2 42. Ne4+ Kxh4 43. Nxg3+ Kxh3 44. Ne4 Ra2 45. Kg1 g5
46. Rc4 g4 47. Rc3+ Kh4 48. Rc4 Ra1+ 49. Kf2 Kh3 50. Rc6 Ra2+ 51. Ke3 Ra3+ 52.
Kf2 Ra2+ 53. Ke3 Ra3+ 54. Kf2 Rf3+ 55. Kg1 Re3 56. Nf2+ Kg3 57. Nh1+ Kf3 58.
Rxe6 Re1+ 59. Kh2 Re2+ 60. Kg1 Re1+ 61. Kh2 Re2+ 62. Kg1 Re1+ 1/2-1/2

[Event "Obro 60 aar"]
[Site "Kobenhavn"]
[Date "1996.10.16"]
[Round "5"]
[White "Palm, Nikolaj"]
[Black "Jensen, Henrik W"]
[Result "1/2-1/2"]
[WhiteElo "2260"]
[BlackElo "2150"]
[PlyCount "125"]
[EventDate "1996.10.12"]
[EventCountry "DEN"]
[SourceVersionDate "2022.08.28"]

1. d4 Nf6 2. Nf3 e6 3. Bg5 c5 4. e3 Nc6 5. Be2 Be7 6. O-O O-O 7. c4 d6 8. Nc3
cxd4 9. exd4 b6 10. Re1 Bb7 11. Qd2 d5 12. Rac1 dxc4 13. Bxc4 Rc8 14. Bf1 a6
15. h3 Qd7 16. Rcd1 Rfd8 17. Bh4 Nd5 18. Bxe7 Ndxe7 19. Qg5 Nd5 20. Ne4 Qe7 21.
Qh5 Nf6 22. Nxf6+ Qxf6 23. d5 g6 24. Qh6 exd5 25. Ng5 Qg7 26. Qh4 h6 27. Nf3 d4
28. a3 b5 29. b4 Rd7 30. Nd2 Rcd8 31. Nb3 Bc8 32. Nc5 Rd5 33. Bd3 Ne5 34. Be4
R5d6 35. a4 d3 36. Bxd3 Nxd3 37. Nxd3 Rxd3 38. Qxd8+ Rxd8 39. Rxd8+ Kh7 40.
Rxc8 bxa4 41. Rc2 Qd4 42. Ra2 Qxb4 43. Rea1 Kg7 44. Rxa4 Qc3 45. Rxa6 h5 46.
Ra7 h4 47. Rd1 g5 48. Raa1 f6 49. Rac1 Qe5 50. Re1 Qd6 51. Re3 Kg6 52. Rce1 Qd4
53. Re6 Qd5 54. Ra6 Qc4 55. Rae6 Qd4 56. Rc6 Kf7 57. Ree6 f5 58. Re1 Qb2 59.
Rc5 Kf6 60. Rc6+ Kf7 61. Rd1 g4 62. hxg4 fxg4 63. Rc7+ 1/2-1/2

[Event "Obro 60 aar"]
[Site "Kobenhavn"]
[Date "1996.10.17"]
[Round "6"]
[White "Nielsen, Poul Steen"]
[Black "Pallesen, Jacob"]
[Result "0-1"]
[WhiteElo "2000"]
[BlackElo "2000"]
[PlyCount "58"]
[EventDate "1996.10.12"]
[EventCountry "DEN"]
[SourceVersionDate "2022.08.28"]

1. d4 d5 2. Nf3 Nf6 3. Bf4 c6 4. c3 Nbd7 5. Nbd2 e6 6. e3 Be7 7. Bd3 Nh5 8. Be5 Nxe5
9. Nxe5 Nf6 10. Qf3 Bd6 11. Qh3 Qc7 12. f4 Bd7 13. O-O Rf8 14. g4 h6 15. Ndf3
O-O-O 16. g5 Ng8 17. Rf2 f6 18. Nxd7 Qxd7 19. g6 f5 20. Ne5 Bxe5 21. fxe5 Ne7
22. Qg3 Kb8 23. Raf1 Rfe8 24. Bxf5 Nxf5 25. Qf4 Qe7 26. e4 dxe4 27. Qxe4 Qg5+
28. Kh1 Qxg6 29. Rg1 Ng3+ 0-1

[Event "Obro 60 aar"]
[Site "Kobenhavn"]
[Date "1996.10.17"]
[Round "6"]
[White "Aagaard, Jacob"]
[Black "Olesen, Martin"]
[Result "1-0"]
[WhiteElo "2370"]
[BlackElo "2370"]
[PlyCount "43"]
[EventDate "1996.10.12"]
[EventCountry "DEN"]
[SourceVersionDate "2022.08.28"]

1. e4 e5 2. Nf3 d6 3. d4 Nf6 4. Nc3 exd4 5. Nxd4 Be7 6. h3 O-O 7. g4 Re8 8. Bg2
Nc6 9. Nde2 Ne5 10. Ng3 Nfd7 11. O-O Ng6 12. Nf5 Nh4 13. Nd5 Nxf5 14. exf5 Bf8
15. c4 Nb6 16. b3 Nxd5 17. Qxd5 Rb8 18. Bb2 b6 19. Qd4 Qd7 20. f6 g6 21. Rfe1
Bb7 22. Re7 1-0

[Event "Obro 60 aar"]
[Site "Kobenhavn"]
[Date "1996.10.17"]
[Round "6"]
[White "Jakobsen, Ole"]
[Black "Nilssen, John Arni"]
[Result "1-0"]
[WhiteElo "2400"]
[BlackElo "2230"]
[PlyCount "71"]
[EventDate "1996.10.12"]
[EventCountry "DEN"]
[SourceVersionDate "2022.08.28"]

1. d4 Nf6 2. c4 e6 3. Nf3 b6 4. Nc3 Bb4 5. Qb3 c5 6. a3 Ba5 7. Bg5 h6 8. Bd2
O-O 9. e3 d5 10. O-O-O cxd4 11. exd4 Bb7 12. Kb1 Nbd7 13. cxd5 Nxd5 14. Ne4
Bxd2 15. Nexd2 Qe7 16. Bc4 a6 17. Rhe1 N7f6 18. Ne5 b5 19. Bf1 Rac8 20. g3 Nb6
21. Ng6 fxg6 22. Rxe6 Qf7 23. Rxb6 Be4+ 24. Bd3 Nd5 25. Nxe4 Nc3+ 26. Qxc3 Rxc3
27. Nxc3 Qa7 28. Rxg6 Qxd4 29. Rxh6 Qxf2 30. Rh4 g5 31. Rg4 Qe3 32. h4 Rf3 33.
Rxg5+ Kf8 34. Be2 Rf6 35. Rd8+ Kf7 36. Bh5+ 1-0

[Event "Obro 60 aar"]
[Site "Kobenhavn"]
[Date "1996.10.17"]
[Round "6"]
[White "Clausen, Steen"]
[Black "Jorgensen, Michael"]
[Result "0-1"]
[WhiteElo "2260"]
[BlackElo "2285"]
[PlyCount "64"]
[EventDate "1996.10.12"]
[EventCountry "DEN"]
[SourceVersionDate "2022.08.28"]

1. d4 f5 2. Bg5 Nc6 3. Nf3 h6 4. Bf4 d6 5. h4 g6 6. Nc3 Nf6 7. e3 Bg7 8. Bb5 e6
9. Qe2 Bd7 10. O-O-O Qe7 11. Kb1 O-O-O 12. e4 fxe4 13. Nxe4 Nd5 14. Bg3 Rhf8
15. Qd2 a6 16. Be2 Rxf3 17. Bxf3 Nxd4 18. Be2 Nb6 19. Rhe1 d5 20. Nc3 Qb4 21.
a3 Qc5 22. Bd3 Nc6 23. Na2 e5 24. Bxg6 e4 25. Nb4 Bxb2 26. Nxc6 Qxc6 27. Bf7
Bc3 28. Qc1 Rf8 29. Bh5 Qb5+ 30. Ka2 Be6 31. Be2 d4+ 32. Bc4 Bxc4# 0-1

[Event "Obro 60 aar"]
[Site "Kobenhavn"]
[Date "1996.10.17"]
[Round "6"]
[White "Jorgensen, Brian Jorgen"]
[Black "Larsen, Peter"]
[Result "0-1"]
[WhiteElo "2290"]
[BlackElo "2085"]
[PlyCount "63"]
[EventDate "1996.10.12"]
[EventCountry "DEN"]
[SourceVersionDate "2022.08.28"]

1. e4 c5 2. Nf3 Nc6 3. d4 cxd4 4. Nxd4 e5 5. Nb5 d6 6. N1c3 a6 7. Na3 b5 8. Nd5
Be7 9. c3 Nf6 10. Bd3 O-O 11. Nc2 Nxd5 12. exd5 Na5 13. Nb4 f5 14. a4 e4 15.
Be2 Bd7 16. g3 bxa4 17. Be3 Bg5 18. Ra3 f4 19. gxf4 Bxf4 20. Qd4 Qh4 21. Bxf4
Rxf4 22. Qe3 Raf8 23. Qg3 Qf6 24. O-O Nc4 25. Bxc4 Rg4 26. Nc6 Qg5 27. Raa1 e3
28. Kh1 Rxg3 29. fxg3 Rf2 30. Rxf2 exf2 31. Rf1 Qe3 32. Na5 0-1

[Event "Obro 60 aar"]
[Site "Kobenhavn"]
[Date "1996.10.17"]
[Round "6"]
[White "Hartvig, Ove Weiss"]
[Black "Olsen, Peter Erik"]
[Result "1-0"]
[WhiteElo "2310"]
[BlackElo "2240"]
[PlyCount "69"]
[EventDate "1996.10.12"]
[EventCountry "DEN"]
[SourceVersionDate "2022.08.28"]

1. e4 c5 2. Nc3 Nc6 3. g3 Nf6 4. Bg2 e6 5. f4 d5 6. e5 Nd7 7. Nf3 Be7 8. O-O
O-O 9. Ne2 b6 10. d3 Bb7 11. c3 Qc7 12. Be3 Rac8 13. g4 f6 14. d4 cxd4 15.
Nexd4 Nxd4 16. Nxd4 Bc5 17. Qd2 Bxd4 18. cxd4 Qc2 19. f5 Qxd2 20. Bxd2 Kf7 21.
fxe6+ Kxe6 22. Bh3 Rc4 23. exf6 gxf6 24. Rae1+ Kd6 25. Bf4+ Kc6 26. Re6+ Kb5
27. Rf2 Rxd4 28. Bf1+ Kb4 29. Bd6+ Ka5 30. Bxf8 Nxf8 31. Re7 Bc6 32. Rc7 Bb5
33. Rxa7+ Kb4 34. a3+ Kc5 35. b4+ 1-0

[Event "Obro 60 aar"]
[Site "Kobenhavn"]
[Date "1996.10.17"]
[Round "6"]
[White "El Kher, Henrik"]
[Black "Palm, Nikolaj"]
[Result "1-0"]
[WhiteElo "2200"]
[BlackElo "2260"]
[PlyCount "67"]
[EventDate "1996.10.12"]
[EventCountry "DEN"]
[SourceVersionDate "2022.08.28"]

1. c4 e5 2. Nc3 d6 3. Nf3 c6 4. d4 Qc7 5. g3 Be7 6. Bg2 f5 7. O-O Nf6 8. c5 e4
9. cxd6 Bxd6 10. Nd2 Be6 11. Qc2 Nbd7 12. Na4 O-O 13. Nc4 Bxc4 14. Qxc4+ Nd5
15. Nc3 N7b6 16. Qb3 Rae8 17. a4 Kh8 18. a5 Nxc3 19. bxc3 Nc8 20. e3 h5 21. c4
c5 22. Bb2 h4 23. Rad1 Re6 24. dxc5 Bxc5 25. Qc3 Rf7 26. Rd2 Ra6 27. Rfd1 Kh7
28. Bh3 Rd6 29. Rxd6 Bxd6 30. Qd4 hxg3 31. hxg3 Kg6 32. g4 Qxa5 33. gxf5+ Kh7
34. Qxe4 1-0

[Event "Obro 60 aar"]
[Site "Kobenhavn"]
[Date "1996.10.17"]
[Round "6"]
[White "Hartung Nielsen, Jens"]
[Black "Henrichsen, Jens"]
[Result "1/2-1/2"]
[WhiteElo "2255"]
[BlackElo "2075"]
[PlyCount "54"]
[EventDate "1996.10.12"]
[EventCountry "DEN"]
[SourceVersionDate "2022.08.28"]

1. d4 Nf6 2. c4 g6 3. Nc3 Bg7 4. e4 d6 5. Nf3 O-O 6. Be3 e5 7. dxe5 dxe5 8.
Qxd8 Rxd8 9. Nd5 Nxd5 10. cxd5 c6 11. Bc4 cxd5 12. Bxd5 Nc6 13. Bxc6 bxc6 14.
O-O Be6 15. Rfc1 a5 16. Rc5 f6 17. Bd2 Ra6 18. b3 a4 19. b4 Bf8 20. Rc2 a3 21.
Rac1 Rb8 22. Rxc6 Rxc6 23. Rxc6 Bxa2 24. Ra6 Bxb4 25. Bxb4 Rxb4 26. h3 Rxe4 27.
Rxa3 Bf7 1/2-1/2

[Event "Obro 60 aar"]
[Site "Kobenhavn"]
[Date "1996.10.17"]
[Round "6"]
[White "Petersen, Nils"]
[Black "Nilsson, Nils Specht"]
[Result "0-1"]
[WhiteElo "2135"]
[BlackElo "2235"]
[PlyCount "70"]
[EventDate "1996.10.12"]
[EventCountry "DEN"]
[SourceVersionDate "2022.08.28"]

1. c4 b6 2. d4 Bb7 3. Nc3 e6 4. e4 Bb4 5. f3 f5 6. Bd3 fxe4 7. fxe4 Bxc3+ 8.
bxc3 Nf6 9. Qe2 Nxe4 10. Nf3 Nf6 11. Ba3 c5 12. dxc5 Bxf3 13. Qxf3 Nc6 14. O-O
Ne5 15. Qg3 Nxd3 16. Qxg7 Rg8 17. Qxf6 Qxf6 18. Rxf6 Nxc5 19. Bxc5 bxc5 20. Rb1
Rg4 21. Rh6 O-O-O 22. Rxh7 Rdg8 23. Rb2 Rxc4 24. Rh3 Kc7 25. Rd2 Rg7 26. Rf3 d5
27. h3 d4 28. cxd4 cxd4 29. g4 e5 30. Rg3 e4 31. Kf1 Kd6 32. Rf2 d3 33. Ke1 Rb7
34. Kd2 Rb1 35. Rfg2 Ke5 0-1

[Event "Obro 60 aar"]
[Site "Kobenhavn"]
[Date "1996.10.17"]
[Round "6"]
[White "Backlund, Anders"]
[Black "Stojanovski, Sandi"]
[Result "1-0"]
[WhiteElo "2190"]
[BlackElo "2200"]
[PlyCount "79"]
[EventDate "1996.10.12"]
[EventCountry "DEN"]
[SourceVersionDate "2022.08.28"]

1. e4 Nf6 2. Nc3 e5 3. Nf3 Bb4 4. Nxe5 O-O 5. Be2 Re8 6. Nd3 Bxc3 7. dxc3 Nxe4
8. Nf4 d6 9. O-O Nc6 10. Be3 Bf5 11. a4 Nc5 12. Re1 Ne6 13. Nd5 Ne5 14. c4 Qh4
15. f4 Ng4 16. Bxg4 Bxg4 17. Qd2 Qd8 18. Bf2 Bf5 19. h3 c6 20. Nc3 Qf6 21. g4
Qg6 22. Kh2 Bxg4 23. hxg4 Qxg4 24. Bg3 h5 25. Qe2 Qg6 26. Qe4 f5 27. Qg2 h4 28.
Bxh4 Qh5 29. Qg3 Nd4 30. Kg2 Nxc2 31. Rxe8+ Rxe8 32. Rc1 Re6 33. Rxc2 Rg6 34.
Bg5 Re6 35. Qf3 Qf7 36. Re2 d5 37. Rxe6 Qxe6 38. cxd5 Qe1 39. dxc6 bxc6 40. Qf2
1-0

[Event "Obro 60 aar"]
[Site "Kobenhavn"]
[Date "1996.10.17"]
[Round "6"]
[White "Ronneland, Daniel"]
[Black "Tonning, Erik"]
[Result "1-0"]
[WhiteElo "2190"]
[BlackElo "2205"]
[PlyCount "91"]
[EventDate "1996.10.12"]
[EventCountry "DEN"]
[SourceVersionDate "2022.08.28"]

1. d4 g6 2. c4 Bg7 3. Nf3 d6 4. h3 Nd7 5. e4 e5 6. d5 a5 7. Nc3 Ne7 8. Be2 O-O
9. Qc2 f5 10. Bg5 h6 11. Be3 Nf6 12. O-O-O a4 13. a3 Bd7 14. Kb1 Qb8 15. c5 Kh8
16. Bd3 Nexd5 17. exd5 e4 18. Nh4 Qe8 19. g4 exd3 20. Qxd3 Ne4 21. Bd4 Nxc5 22.
Bxc5 dxc5 23. Rhe1 Qf7 24. Re7 Qf6 25. Nxg6+ Qxg6 26. Rxd7 c4 27. Qc2 b5 28.
Nxb5 Rab8 29. Nd4 Qf6 30. Rxg7 Qxg7 31. Ne6 Qf6 32. Nxf8 Rxf8 33. Qxc4 fxg4 34.
hxg4 Qxf2 35. Qxc7 Qe2 36. Qc3+ Kg8 37. Qd4 Rf1 38. Rxf1 Qxf1+ 39. Ka2 Qb5 40.
d6 Qd7 41. Kb1 Kf7 42. Kc2 Qc6+ 43. Kd3 Qf3+ 44. Kc4 Qb3+ 45. Kc5 Ke8 46. Qe5+
1-0

[Event "Obro 60 aar"]
[Site "Kobenhavn"]
[Date "1996.10.17"]
[Round "6"]
[White "Toldsted, Jorgen"]
[Black "Olsen, Heini"]
[Result "0-1"]
[WhiteElo "2000"]
[BlackElo "2315"]
[PlyCount "66"]
[EventDate "1996.10.12"]
[EventCountry "DEN"]
[SourceVersionDate "2022.08.28"]

1. d4 f5 2. e4 fxe4 3. Nc3 Nf6 4. Bg5 g6 5. h4 d5 6. h5 Bf5 7. hxg6
Bxg6 8. Nh3 Qd6 9. Nf4 Bf7 10. g3 c6 11. Bh3 Nbd7 12. Ne6 Bxe6 13. Bf4 Bxh3 14.
Bxd6 Bg4 15. Qd2 exd6 16. Ne2 h5 17. Qa5 Nb6 18. a4 Kd7 19. Qc3 Bh6 20. Nf4 Bf3
21. Rh4 Bg5 22. a5 Bxh4 23. gxh4 Rhg8 24. b3 Nc8 25. Nh3 Ne7 26. Ng5 Bg4 27.
Qb4 Rab8 28. c4 Nf5 29. c5 a6 30. Nf7 Rg7 31. Nxd6 Nxd6 32. cxd6 Ne8 33. Qd2
Nxd6 0-1

[Event "Obro 60 aar"]
[Site "Kobenhavn"]
[Date "1996.10.17"]
[Round "6"]
[White "Kirkegaard, Niels"]
[Black "Pedersen, Thomas Vils"]
[Result "1/2-1/2"]
[WhiteElo "2000"]
[BlackElo "2000"]
[PlyCount "42"]
[EventDate "1996.10.12"]
[EventCountry "DEN"]
[SourceVersionDate "2022.08.28"]

1. e4 d5 2. exd5 Qxd5 3. Nc3 Qa5 4. d4 Nf6 5. Bc4 Bg4 6. Nf3 Nc6 7. Bb5 Nd5 8.
Qd3 Ndb4 9. Qe4 Bxf3 10. gxf3 O-O-O 11. Bxc6 Nxc6 12. Be3 e5 13. d5 Nd4 14.
O-O-O Bb4 15. Bxd4 exd4 16. Qxd4 Bxc3 17. bxc3 Qxa2 18. c4 c6 19. d6 Qa3+ 20.
Kb1 Qb4+ 21. Ka2 Qa4+ 1/2-1/2